000 02397nab a2200265 ab4500
005 20260220122747.0
008 251016c2025 cl fr p#o# #00| spa d
003
040 _aMX-MxUPN
_bspa
_cMX-MxUPN
_eaacr2
100 1 _aMorán del Castillo, Marta
_958851
100 1 _aMartín Ayala, Juan Luis
_958852
245 1 _aParentalidad positiva y prevención de la población infanto-juvenil con relación a su salud mental :
_buna revisión actualizada
_h[recurso electrónico en línea]
506 0 _aAcceso abierto
520 3 _aLa parentalidad positiva se presenta como un nuevo reto para la sociedad actual en la que profesionales de la salud mental y profesionales del ámbito psicoeducativo proporcionan a las familias programas parentales, para fortalecer el funcionamiento familiar y empoderar a los progenitores con relación a la crianza de sus hijos. El presente trabajo busca describir un conjunto de publicaciones científicas para tratar de buscar correlaciones significativas entre la parentalidad positiva y la prevención del fututo de la población infanto-juvenil con relación a su salud mental, a partir del fortalecimiento del funcionamiento familiar y la reducción del impacto de las experiencias adversas durante la infancia y la adolescencia. Se realizó una revisión sistemática exploratoria del tema con un cribado de los parámetros “Positive parenting AND Mental disorders AND Prevention” a través de artículos de investigación publicados en revistas arbitradas y con revisión en cuatro bases de datos —Redalyc, la Biblioteca Virtual de Salud (BVS), PubMed y SciencieDirect—, de las que se examinaron 229, 31, 20 y 48 artículos, respectivamente. Los artículos fueron seleccionados basándose en criterios predefinidos y haciendo uso de limitadores. Finalmente, se seleccionaron un total de 61 artículos que fueron analizados y categorizados en los apartados correspondientes planteados.
_cPsykhe
650 _aSalud mental
653 _aParentalidad positiva
650 2 _aTrastornos mentales
_915459
650 4 _aPsicología
_938
653 _aExperiencias adversas tempranas
773 _gVol. 34, no. 1, (2025), p. 1-26
_tPsykhe
_x0718-2228
856 4 _uhttps://ojs.uc.cl/index.php/psykhe/article/view/49413
856 4 _uhttps://ojs.uc.cl/index.php/psykhe/article/view/49413/69016
902 _aLeonor Sotres/200226
942 _cART-E
999 _c214665
_d214665